Zmluva medzi Slovenskou republikou a Spojenými štátmi americkými o sociálnom zabezpečení

Za účelom zabezpečenia ochrany a posilnenia práv osôb, ktoré pracovali alebo budú pracovať na území Spojených štátov amerických a na území Slovenskej republiky a získali alebo získajú obdobie poistenia podľa právnych predpisov obidvoch štátov, bola uzatvorená Zmluva medzi Slovenskou republikou a Spo...

ver descrição completa

Na minha lista:
Detalhes bibliográficos
Autor principal: Chudá, Zuzana
Formato: Capítulo de Livro
Idioma:eslovaco
Assuntos:
Tags: Adicionar Tag
Sem tags, seja o primeiro a adicionar uma tag!

MARC

LEADER 00000nla a2200000 4500
001 0190232
005 20220729105306.8
041 0 |a slo 
044 |a SK 
245 1 0 |a Zmluva medzi Slovenskou republikou a Spojenými štátmi americkými o sociálnom zabezpečení  |c Zuzana Chudá 
520 |a Za účelom zabezpečenia ochrany a posilnenia práv osôb, ktoré pracovali alebo budú pracovať na území Spojených štátov amerických a na území Slovenskej republiky a získali alebo získajú obdobie poistenia podľa právnych predpisov obidvoch štátov, bola uzatvorená Zmluva medzi Slovenskou republikou a Spojenými štátmi americkými o sociálnom zabezpečení a Vykonávacia dohoda na vykonávanie Zmluvy medzi Slovenskou republikou a Spojenými štátmi americkými o sociálnom zabezpečení. 
610 2 0 |a USA 
610 2 0 |a Slovensko 
610 2 0 |a poistenie sociálne 
610 2 0 |a poisťovne sociálne 
610 2 0 |a zabezpečenie sociálne 
610 2 0 |a právo sociálne 
610 2 0 |a zmluvy o spolupráci 
100 1 |a Chudá, Zuzana